00867 2200193 4500001002100000005001500021035002000036245025700056100003000313250002000343300006200363856002200425700012200447260004600569082001000615084001600625020001800641600001400659INLIS00000000114806220260330095641 a0010-03260005731 aMEMAHAMI SIMBOL (SEBUAH PENGANTAR DALAM PARADIGMA INTERAKSIONISME SIMBOLIK-GEORGE HERBERT MEAD) /cPenulis: Mahattama Banteng Sukarno, Desain cover: Ali Hasan Zein, Sumber: www.freepik.com, Tata letak: Hifzillah Fahmi, Proofreader: Tiara Nabilah Azalia0 aMahattama Banteng Sukarno aCetakan Pertama aviii + 54 halaman :bIlustrasi ;c14,8 cm x 21 cmeKertas aPerpustakaan Umum0 aDesain cover: Ali Hasan Zein, Sumber: www.freepik.com, Tata letak: Hifzillah Fahmi, Proofreader: Tiara Nabilah Azalia aYogyakarta :bDEEPUBLISH PUBLISHER,c2024 a302.2 a302.2 MAH m a9786230287862 4aSOSIOLOGI